| 000 | 00973nam a22002537a 4500 | ||
|---|---|---|---|
| 005 | 20170124102939.0 | ||
| 010 | _aA-660949 | ||
| 020 |
_c120.00 _a8173150613 |
||
| 035 | _aA-660949 | ||
| 037 | _bCen Lib/Ret | ||
| 040 |
_aDPL _bHN |
||
| 082 |
_a921 _bशर्माय |
||
| 100 |
_aशर्मा, यज्ञदत्त _947935 |
||
| 245 |
_aअंतर की आवाज / _cयज्ञदत्त शर्मा |
||
| 246 |
_aAntar ki awaaz / _bby Yagyadutt Sharma |
||
| 260 |
_aदिल्ली _bप्रभात प्रकाशन _c1993 |
||
| 270 |
_bदिल्ली _aचावडी बाज़ार _e110006 |
||
| 300 |
_a204पृ. _c21सेमी (सजिल्द) |
||
| 650 |
_aराजनेता _947936 |
||
| 650 |
_aराजनीतिक संस्कृति _91199 |
||
| 650 |
_aPoliticians _99392 |
||
| 650 |
_aPolitical culture _935720 |
||
| 942 |
_2ddc _cHN _h921 _mशर्माय |
||
| 999 |
_c112506 _d112506 |
||